El Banco Mundial y la Tierra: ofensiva y resistencia en América Latina, Africa y Asia
Guardado en:
| Hovedforfatter: | |
|---|---|
| Format: | Texto |
| Udgivet: |
San José:
DEI
|
| Fag: | |
| Tags: |
Tilføj Tag
Ingen Tags, Vær først til at tagge denne postø!
|
MARC
| LEADER | 00000 a a2200000 04500 | ||
|---|---|---|---|
| 001 | 39572 | ||
| 003 | |||
| 040 | |||
| 020 | |a 9977-83-149-1 | ||
| 090 | |a 0001 D541b | ||
| 100 | |a Dias Martins, Mônica | ||
| 245 | |a El Banco Mundial y la Tierra: ofensiva y resistencia en América Latina, Africa y Asia | ||
| 260 | |a San José: |b DEI | ||
| 300 | |a 310 p. | ||
| 650 | |a REFORMA AGRARIA | ||
| 650 | |a BRASIL | ||
| 650 | |a BANCO MUNDIAL | ||
| 650 | |a CREDITO | ||
| 999 | |c 11176 |d 11176 | ||



